000 00516nam a22001697a 4500
005 20251108170806.0
008 250721s1998 xx 000 0 ara d
082 1 4 _aق/إبر
100 1 _aالكوني، إبراهيم
245 1 0 _aصمرائي الكبرى :
_bنصوص /
264 1 _aبيروت :
_bالمؤسسة العربية للدراسات و النشر،
_c1998.
300 _a206ص
650 1 7 _aالأدب العربي
650 1 7 _aالقصص العربي
942 _2ddc
_cBK
999 _c49103
_d49103